Les records des Jeux Olympiques d'été par discipline - Statistiques

Statistiques générales
  • Ce quiz a été pris 38 fois
  • Le résultat moyen est 8 sur 95
Statistiques - réponses
Hint Rang Indice 2 Indice 3 Prénom et nom % Correct
Les hommes les plus médaillés en natation 1 Etats-Unis 28 médailles Michael {Phelps}
97%
Les hommes les plus médaillés en athlétisme 3 Jamaïque 8 médailles Usain {Bolt}
79%
Les hommes les plus médaillés en athlétisme 2 Etats-Unis 10 médailles Carl {Lewis}
66%
La femme la plus médaillée en tennis 1 Etats-Unis 5 médailles Venus {Williams}
63%
Les hommes les plus médaillés en judo 1 France 5 médailles Teddy {Riner}
61%
Les hommes les plus médaillés en natation 2 Etats-Unis 12 médailles Ryan {Lochte}
55%
Les femmes les plus médaillées en natation 3 Etats-Unis 10 médailles Katie {Ledecky}
47%
Les hommes les plus médaillés en natation 8 Etats-Unis 7 médailles Caeleb {Dressel}
45%
Les hommes les plus médaillés en natation 6 Australie 9 médailles Ian {Thorpe}
39%
Les femmes les plus médaillées en athlétisme 1 Etats-Unis 11 médailles Allyson {Felix}
37%
Les hommes les plus médaillés en cyclisme 3 Royaume-Uni 8 médailles Bradley {Wiggins}
34%
Les hommes les plus médaillés en tennis de table 1 Chine 5 médailles Ma {Long}
32%
Les femmes les plus médaillées en natation 1 Etats-Unis 12 médailles Jenny {Thompson}
29%
Les hommes les plus médaillés en natation 3 Etats-Unis 11 médailles Mark {Spitz}
21%
Les femmes les plus médaillées en natation 6 Etats-Unis 6 médailles Missy {Franklin}
16%
Les hommes les plus médaillés en natation 7 Etats-Unis 8 médailles Nathan {Adrian}
16%
Les femmes les plus médaillées en athlétisme 2 Jamaïque 6 médailles Elaine {Thompson-Herah}
13%
Les hommes les plus médaillés en tir 2 Etats-Unis 7 médailles Willis Augustus {Lee}
11%
Les femmes les plus médaillées en natation 2 Australie 11 médailles Emma {McKeon}
8%
Les hommes les plus médaillés en cyclisme 1 Royaume-Uni 9 médailles Jason {Kenny}
8%
Les femmes les plus médaillées en cyclisme 1 Royaume-Uni 6 médailles Laura {Kenny}
8%
Les hommes les plus médaillés en cyclisme 2 Royaume-Uni 7 médailles Chris {Hoy}
5%
Les femmes les plus médaillées en basket 2 Etats-Unis 5 médailles Diana {Taurasi}
5%
Les hommes les plus médaillés en athlétisme 1 Finlande 12 médailles Paavo {Numi}
5%
Les femmes les plus médaillées en basket 1 Etats-Unis 5 médailles Sue {Bird}
5%
Les hommes les plus médaillés en natation 8 Etats-Unis 7 médailles Aaron {Peirsol}
3%
Les femmes les plus médaillées en cyclisme 2 Australie 6 médailles Anna {Meares}
3%
Les hommes les plus médaillés en cyclisme 4 Etats-Unis 6 médailles Burton {Downing}
3%
Les hommes les plus médaillés en tir à l'arc 2 France 5 médailles Julien {Brulé}
3%
Les femmes les plus médaillées en cyclisme 2 Pays-Bas 6 médailles Leontien {Van Moorsel}
3%
Les hommes les plus médaillés en natation 3 Etats-Unis 11 médailles Matt {Biondi}
3%
L'homme le plus médaillé en aviron 1 Royaume-Uni 6 médailles Steve {Redgrave}
3%
Les hommes les plus médaillés en athlétisme 3 Finlande 8 médailles Ville {Ritola}
3%
Les hommes les plus médaillés en tennis de table 1 Chine 5 médailles Wang {Hao}
3%
Les femmes les plus médaillées en gymnastique 2 Hongrie 10 médailles Ágnes {Keleti}
0%
Les hommes les plus médaillés en gymnastique 4 Japon 10 médailles Akinori Nakayama
0%
Les hommes les plus médaillés en escrime 2 Hongrie 10 médailles Aladar {Gerevich}
0%
Les hommes les plus médaillés en tir 3 Etats-Unis 6 médailles Alfred {Lane}
0%
Les femmes les plus médaillées en natation 6 Etats-Unis 6 médailles Amy {Van Dyken}
0%
Les femmes les plus médaillées en natation synchronisée 2 Russie 5 médailles Anastasia {Davydova}
0%
Les hommes les plus médaillés en pentathlon moderne 2 Hongrie 5 médailles Andras {Balczo}
0%
Les femmes les plus médaillées en équitation 2 Pays-Bas 9 médailles Anky {van Grunsven}
0%
Les hommes les plus médaillés en voile 1 Royaume-Uni 5 médailles Ben {Ainslie}
0%
Les femmes les plus médaillées en canoë-kayak 1 Allemagne 12 médailles Birgit {Fischer}
0%
Les hommes les plus médaillés en gymnastique 2 URSS 13 médailles Boris {Shaklin}
0%
Les hommes les plus médaillés en pentathlon moderne 1 Italie 5 médailles Carlo {Massullo}
0%
Les hommes les plus médaillés en tir 1 Etats-Unis 11 médailles Carl {Osburn}
0%
Les femmes les plus médaillées en plongeon 2 Chine 5 médailles Chen (Ruolin}
0%
Les femmes les plus médaillées en natation 4 Etats-Unis 7 médailles Dana {Vollmer}
0%
Les femmes les plus médaillées en canoë-kayak 2 Hongrie 6 médailles Danuta {Kozak}
0%
Les femmes les plus médaillées en natation synchronisée 3 Russie 5 médailles Natalia {Ishchenko}
0%
L'homme le plus médaillé en plongeon 1 Russie 7 médailles Dmitri {Sautin}
0%
Les hommes les plus médaillés en natation 11 Etats-Unis 6 médailles Don {Schollander}
0%
Les hommes les plus médaillés en escrime 1 Italie 13 médailles Edoardo {Mangiarotti}
0%
Les femmes les plus médaillées en aviron 1 Roumanie 8 médailles Elisabeta {Lipa}
0%
Les hommes les plus médaillés en natation 5 Etats-Unis 10 médailles Gary {Hall}
0%
Les femmes les plus médaillées en aviron 2 Roumanie 6 médailles Georgeta {Damian}
0%
Les hommes les plus médaillés en canoë-kayak 1 Suède 8 médailles Gert {Fredriksson}
0%
Les femmes les plus médaillées en escrime 2 Italie 8 médailles Giovanna {Trillini}
0%
Les hommes les plus médaillés en escrime 3 Italie 9 médailles Giulio {Gaudini}
0%
Les hommes les plus médaillés en équitation 2 Allemagne 7 médailles Hans Günter {Winkler}
0%
Les hommes les plus médaillés en tir à l'arc 1 Belgique 9 médailles Hubert {Van Innis}
0%
Les femmes les plus médaillées en équitation 1 Allemagne 12 médailles Isabel {Werth}
0%
Les femmes les plus médaillées en tir 2 Serbie 5 médailles Jasna {Sekaric}
0%
Les femmes les plus médaillées en tir 1 Etats-Unis 6 médailles Kim {Rhode}
0%
La femme la plus médaillée en tir à l'arc 1 Corée-du-Sud 6 médailles Kim {Soo-nyung}
0%
Les femmes les plus médaillées en natation 6 Allemagne 6 médailles Kristin {Otto}
0%
Les femmes les plus médaillées en natation 4 Hongrie 7 médailles Krisztina {Egerszegi}
0%
La femme la plus médaillée en gymnastique artistique 1 URSS 18 médailles Larissa {Latynina}
0%
Les femmes les plus médaillées en canoë-kayak 2 Nouvelle-Zélande 6 médailles Lisa {Carrington}
0%
Les femmes les plus médaillées en tir 2 Bulgarie 5 médailles Maria {Grosdeva}
0%
Les femmes les plus médaillées en tir 2 Russie 5 médailles Marina {Logvinenko}
0%
Les femmes les plus médaillées en tir 2 Etats-Unis 5 médailles Morris {Fisher}
0%
Les hommes les plus médaillés en gymnastique 1 URSS 15 médailles Nikolai {Andrianov}
0%
Les hommes les plus médaillés en tir 3 Norvège 6 médailles Ole {Liloe-Olsen}
0%
Les hommes les plus médaillés en pentathlon moderne 1 URSS 7 médailles Pavel {Lednev}
0%
Les hommes les plus médaillés en escrime 4 France 8 médailles Philippe {Cattiau}
0%
Les femmes les plus médaillées en gymnastique 2 URSS 10 médailles Polina {Astakhova}
0%
Les hommes les plus médaillés en athlétisme 3 Etats-Unis 8 médailles Ray {Ewry}
0%
Les hommes les plus médaillés en équitation 1 Allemagne 8 médailles Reiner {Klimke}
0%
Les hommes les plus médaillés en voile 1 Brésil 5 médailles Robert {Scheidt}
0%
Les hommes les plus médaillés en escrime 4 France 8 médailles Roger {Ducret}
0%
Les hommes les plus médaillés en judo 1 Japon 5 médailles Ryoko Tani
0%
L'homme le plus médaillé en gymnastique artistique 1 Japon 12 médailles Sawao {Kato}
0%
Les femmes les plus médaillées en natation synchronisée 1 Russie 7 médailles Svetlana {Romashina}
0%
Les hommes les plus médaillés en gymnastique 2 Japon 13 médailles Takashi {Ono}
0%
Les hommes les plus médaillés en natation 8 Etats-Unis 7 médailles Tom {Jager}
0%
Les hommes les plus médaillés en voile 1 Brésil 5 médailles Torben {Grael}
0%
Les femmes les plus médaillées en escrime 1 Italie 9 médailles Valentina {Vezzali}
0%
Les femmes les plus médaillées en gymnastique 1 Tchécoslovaquie 11 médailles Vera {Caslavska}
0%
Les hommes les plus médaillés en gymnastique 4 Tchécoslovaquie 11 médailles Viktor {Chukarin}
0%
Les hommes les plus médaillés en gymnastique 4 Biélorussie 10 médailles Vitaly Scherbo
0%
La femme la plus médaillée en tennis de table 1 Chine 5 médailles Wang {Nan}
0%
Les hommes les plus médaillés en lutte 1 Allemagne 5 médailles Wilfried {Dietrich}
0%
Les femmes les plus médaillées en plongeon 1 Chine 7 médailles Wu {Minxia}
0%
Aucun quiz correspondant
Distribution des résultats
% des personnes avec chaque résultat
Percentile par nombre de réponses
Votre historique - résultats
Vous n’avez pas pris ce quiz